| 000 | 00592nam a2200181Ia 4500 | ||
|---|---|---|---|
| 003 | GCL | ||
| 008 | 140319s9999 xx 000 0 ara d | ||
| 040 |
_aGCL / _cGCL |
||
| 082 | 0 | 4 |
_a808.83 _bب هـ |
| 100 | 1 | _aبيراندللو، لويجى | |
| 245 | 1 | 0 |
_aهنرى الرابع (هدية من الاديب عبدالفتاح الجمل) / _cبيراندللو، لويجى |
| 700 | 1 | _aمحمد اسماعيل محمد | |
| 300 | _a185 ص | ||
| 490 |
_aمسرحيات عالمية _v0 |
||
| 650 | 0 | 4 | _aالادب |
| 650 | 0 | 4 | _aالادب العالمى المترجم |
| 942 |
_2ddc _cBK |
||
| 999 |
_c40354 _d40354 |
||